000 01538nam a22003977a 4500
003 CHAP
005 20220329143935.0
008 121004s2012 mx r 00010 spa d
010 _a104014
011 _a104986
035 _a115677
040 _cCHAP
090 _aTesis
100 1 _aCortés Gómez, Hernán.
_928356
245 1 0 _aSelección combinada en frijol flor de mayo
_h[En línea]
_c/por Hernán Cortés Gómez
260 _aChapingo, Méx. :
_bEl autor,
_c2012
500 _aPara ver el contenido del material haga clic en la liga
502 _aTesis (Ing. Agrónomo Especialista en Parasitología Agrícola) -- UACH. Departamento de Parasitología Agrícola
590 _aALEPH
_b10
_c20130110
_lUCH01
_h1547
590 _aBATCH-UPD
_b10
_c20130110
_lUCH01
_h0319
590 _aBATCH-UPD
_b10
_c20130110
_lUCH01
_h0320
590 _aBATCH-UPD
_b10
_c20130110
_lUCH01
_h0432
590 _aBATCH-UPD
_b10
_c20130409
_lUCH01
_h2217
590 _aBATCH-UPD
_b10
_c20130913
_lUCH01
_h2126
590 _aBATCH-UPD
_b10
_c20140324
_lUCH01
_h1534
590 _aBATCH-UPD
_b10
_c20141002
_lUCH01
_h0855
590 _aCONVERSION
_b10
_c20130109
_lUCH01
_h1357
650 1 4 _aFrijol flor de mayo.
_943468
650 1 4 _aFrijol
_xEnfermedades.
_943367
650 1 4 _aFrijol
_xVariedades.
_943446
856 _3Finding aid
_uhttp://10.13.5.2/tesis/115677.pdf
_zTeclea aqui
901 _aBK
942 _cFOLL
949 _aTesis
_bBC
_cTES
_d33724002349835
_eTS1
_h54103
_i115677
_st
949 _aTesis
_bBC
_cTES
_d33724002349876
_eTS2
_fc.2
_h54104
_i115677
_st
999 _c104014
_d104014